000 00728nam a2200241Ia 4500
003 OSt
005 20220925203427.0
006 a|||||r|||| 00| 0
007 ta
008 220923b |||||||| |||| 00| 0 eng d
020 _a9781478003809
_c2001.61
037 _b2195, 06/12/2019, Dhanraj Book House
_cGeneral Book
040 _aRTL
_cRTL
_beng
041 _2eng
_aeng
082 _aY:393, Q9
100 _aHAGOOD Mack
_9265975
245 0 _aHush
_b Media and sonic self control
260 _aDurham
_bDuke University Press
_c2019
300 _ax, 276p.
_ccm.
650 _aSociology
942 _hY:393, Q9
_cGB
_2CC
999 _c546383
_d546383